| 000 | 00415pab a2200157 454500 | ||
|---|---|---|---|
| 008 | 180718b2002 xxu||||| |||| 00| 0 eng d | ||
| 100 | _aDas, Sabyasachi | ||
| 245 | _aAgricultural technology management agency: a new approach of technology dissemination | ||
| 260 | _c2002 | ||
| 300 | _ap.34-37. | ||
| 362 | _aJun | ||
| 650 | _aAgriculture | ||
| 700 | _aSaha, Biswarup | ||
| 773 | _aKurushetra | ||
| 909 | _a52578 | ||
| 999 |
_c52578 _d52578 |
||